| 000 | 00438nam a2200157 i 4500 | ||
|---|---|---|---|
| 001 | 20274 | ||
| 003 | ES-MaACL | ||
| 005 | 20230906152252.0 | ||
| 007 | t| | ||
| 008 | 021111s1969 sp ||||1| spa d | ||
| 100 | 1 |
_aAguirre Bellver, Joaquín. _918854 |
|
| 245 | 1 | 0 |
_aFurgón de cola / _cJoaquín Aguirre Bellver. |
| 260 |
_aMadrid : _bEditora Nacional, _c1969. |
||
| 300 |
_aIX, 157 p. ; _c23 cm. |
||
| 852 |
_aES-MaACL _jC-35568 _bR.68473 |
||
| 999 |
_c20274 _d20274 |
||